000 00442nam a2200133Ia 4500
008 220214s9999 xx 000 0 und d
245 0 _aQUARTERLY NATURAL RUBBER STATISTICAL BULLETIN
260 _bAssociation of Natural Rubber Producing Countries, Kuala Lumpur
_aMalaysia
310 _aQ
500 _aEnding Volume & Year: 25, 2000/01
500 _aMissing Volume: 6;7;9;25(1)
500 _aStarting Volume & Year: 4, 1979/80
942 _cBJ
999 _c18652
_d18652